Lohasarvasvam / (Record no. 68994)

MARC details
000 -LEADER
fixed length control field 01079cam a2200301 a 4500
001 - CONTROL NUMBER
control field sa 66003609
003 - CONTROL NUMBER IDENTIFIER
control field DLC
005 - DATE AND TIME OF LATEST TRANSACTION
control field 20260227112237.0
008 - FIXED-LENGTH DATA ELEMENTS--GENERAL INFORMATION
fixed length control field 960621s1965 ii 000 0 san
010 ## - LIBRARY OF CONGRESS CONTROL NUMBER
LC control number sa 66003609
040 ## - CATALOGING SOURCE
Original cataloging agency DLC
Transcribing agency DLC
Modifying agency DLC
041 1# - LANGUAGE CODE
Language code of text/sound track or separate title san
Language code of original hin
050 00 - LIBRARY OF CONGRESS CALL NUMBER
Classification number RM301
Item number .S8
100 0# - MAIN ENTRY--PERSONAL NAME
Personal name Sureśvara,
Dates associated with a name active 11th century-12th century.
245 10 - TITLE STATEMENT
Title Lohasarvasvam /
Statement of responsibility, etc. Sureśvaraviracitaṃ ; 'Vidyotinī' Hindi vyākhyopetam, vyākhyākāraḥ, Pāvanīprasāda Śarmā ; sampādakaḥ Brahmaśaṅkara Miśra.
246 10 - VARYING FORM OF TITLE
Title proper/short title Lohasarvaswam
260 ## - PUBLICATION, DISTRIBUTION, ETC.
Place of publication, distribution, etc. Vārāṇasī :
Name of publisher, distributor, etc. Caukhambā Vidyābhavana,
Date of publication, distribution, etc. 1965.
300 ## - PHYSICAL DESCRIPTION
Extent 8, 88 p. ;
Dimensions 19 cm.
440 #0 - SERIES STATEMENT/ADDED ENTRY--TITLE
Title Vidyābhavana Āyurveda granthamālā ;
Volume/sequential designation 46
546 ## - LANGUAGE NOTE
Language note In Sanskrit; introductory matter, translation, and commentary in Hindi.
546 ## - LANGUAGE NOTE
Language note Added t.p.: Lohasarvaswam.
520 ## - SUMMARY, ETC.
Summary, etc. Ayurvedic medicine.
650 #0 - SUBJECT ADDED ENTRY--TOPICAL TERM
Topical term or geographic name entry element Drug Therapy.
650 #0 - SUBJECT ADDED ENTRY--TOPICAL TERM
Topical term or geographic name entry element Metals
General subdivision Therapeutic use.
650 #0 - SUBJECT ADDED ENTRY--TOPICAL TERM
Topical term or geographic name entry element Medicine, Ayurvedic.
700 1# - ADDED ENTRY--PERSONAL NAME
Personal name Śarmā, Pāvanīprasāda.
700 1# - ADDED ENTRY--PERSONAL NAME
Personal name Miśra, Brahmaśaṅkara.

No items available.

Powered by Koha